000 00382nam a22001577a 4500
003 LK-CoDNM
005 20240812115217.0
008 240812b |||||||| |||| 00| 0 eng d
040 _aLK-CoDNM
_dLK-CoDNM
_eLK-CoDNM
080 _a10
_bO22
100 _aBartholomeusz,Oliver
245 _aMinicoy and its people
260 _bLondon
_c1885
300 _a32p. ; 22 cm
942 _cBK
999 _c147159
_d147159